| 000 | 00428nam a2200181Ia 4500 | ||
|---|---|---|---|
| 001 | 23837 | ||
| 005 | 20260414151004.0 | ||
| 008 | 260414t2012||||xx |||||||||||||| ||spa|| | ||
| 041 | _aESP | ||
| 082 |
_a720.1 _bC27 |
||
| 100 |
_aCapitel, Antón, _eAUT |
||
| 245 | 0 |
_aLa arquitectura como arte impuro _b |
|
| 260 | _c2012 | ||
| 300 |
_a162 páginas : _c22 cm. |
||
| 650 | _aABD | ||
| 654 | _aCAU | ||
| 942 |
_cLIB _dJUS _fJUS _2ddc _n |
||
| 999 |
_c23837 _d23837 |
||